000 01082nam0a22002651 4500
001 rc\3452298
005 20260406194018.0
021 _aRU
_b74-70414
021 _aRU
_bРг10558-74
035 _a(NLR Aleph) 007881680
090 _a7921804
_c7921804
100 _a20130115d1974 |||y0rusy50 ca
101 0 _arus
102 _aRU
105 _ay z |||||
200 1 _aОпыт социалистических культурных преобразований в Узбекистане
_fУзб. о-во дружбы и культурной связи с зарубеж. странами
210 _aТашкент
_cБ. и.
_d1974
215 _a20 с.
_d20
225 1 _aК 50-летию образования УзССР и Компартии Узбекистана
712 0 2 _aУзбекское общество дружбы и культурной связи с зарубежными странами
_cТашкент
_3RU\NLR\AUTH\889956951
_9410000
801 0 _aRU
_bNLR
_gpsbo
801 1 _aRU
_bELAR
_2rusmarc
852 _aNLR
_j74-4/18538
942 _cBOOK
980 _aNB